<?xml version="1.0" encoding="UTF-8"?>
<marc:record xmlns:marc="http://www.loc.gov/MARC21/slim">
   <marc:leader>00000nam a2200000 a 4500</marc:leader>
   <marc:datafield ind1="0" ind2="0" tag="245">
      <marc:subfield code="a">Ant-Man and the Wasp - Quantumania</marc:subfield>
   </marc:datafield>
   <marc:datafield ind1=" " ind2="1" tag="264">
      <marc:subfield code="b">Walt Disney Company</marc:subfield>
      <marc:subfield code="c">2023</marc:subfield>
   </marc:datafield>
   <marc:datafield ind1="1" ind2=" " tag="520">
      <marc:subfield code="a">"Der dritte Film um die Marvel-Figur Ant-Man befördert den Protagonisten samt seiner Patchwork-Familie und deren hochgradig intelligenten Ameisen in ein Paralleluniversum, das Quantenreich. Dort bekommen sie es mit einem terroristischen Machthaber, der dieses Universum unterjocht, und dessen stählerner Armee zu tun, gegen die sie zusammen mit der unterdrückten Bevölkerung im Kampf antreten. Die Fortsetzung der Comic-Verfilmungen ist weniger kompliziert gehalten und deutlich unterhaltsamer als manch andere Marvel-Adaption. Gelungene Action, sympathische Protagonisten und virtuose visuelle Tricks sorgen für ein vergnügliches Superhelden-Abenteuer." (© FILMDIENST)</marc:subfield>
   </marc:datafield>
   <marc:datafield ind1="3" ind2=" " tag="024">
      <marc:subfield code="a">8717418614614</marc:subfield>
   </marc:datafield>
   <marc:datafield ind1=" " ind2=" " tag="041">
      <marc:subfield code="a">ger</marc:subfield>
   </marc:datafield>
   <marc:datafield ind1="1" ind2=" " tag="521">
      <marc:subfield code="a">FSK ab 12 freigegeben</marc:subfield>
   </marc:datafield>
   <marc:datafield ind1="1" ind2=" " tag="521">
      <marc:subfield code="a">12</marc:subfield>
   </marc:datafield>
   <marc:datafield ind1=" " ind2=" " tag="300">
      <marc:subfield code="a">1 DVD</marc:subfield>
   </marc:datafield>
</marc:record>
